Pays méditerranéens - Mort subite - Statistiques

Statistiques générales
  • Ce quiz a été pris 1 070 fois
  • Le résultat moyen est 13 sur 21
Answers on the Grid
Answers color-coded by a green-red scale on the quiz's grid according to % correct below.
Albanie
Algérie
Andorre
Australie
Belgique
Bosnie-Herzégovine
Chili
Chypre
Croatie
Cuba
Égypte
Espagne
France
Géorgie
Grèce
Irak
Irlande
Israël
Italie
Kirghizistan
Liban
Libye
Liechtenstein
Macédoine du Nord
Malte
Maroc
Monaco
Monténégro
Panama
Pologne
Portugal
République Tchèque
Roumanie
Russie
Saint-Marin
Serbie
Slovénie
Suisse
Syrie
Tunisie
Turquie
Vatican
 
Statistiques - réponses
Réponse % Correct
Algérie
91%
France
83%
Grèce
83%
Italie
83%
Espagne
82%
Chypre
75%
Croatie
73%
Égypte
72%
Maroc
71%
Malte
69%
Monaco
69%
Albanie
68%
Libye
62%
Israël
56%
Tunisie
54%
Liban
53%
Turquie
51%
Bosnie-Herzégovine
43%
Monténégro
42%
Slovénie
29%
Syrie
28%
Aucun quiz correspondant
Distribution des résultats
% des personnes avec chaque résultat
Percentile par nombre de réponses
Votre historique - résultats
Vous n’avez pas pris ce quiz